| 000 | 00798nam a22001937a 4500 | ||
|---|---|---|---|
| 999 |
_c62948 _d62948 |
||
| 005 | 20250328101145.0 | ||
| 008 | 250328s1980 enk||||| |||| 00| 0 eng d | ||
| 020 | _a0444802096x | ||
| 041 | _aeng | ||
| 080 | _a615.851 P-96 | ||
| 245 |
_aPsychotherapy, research and training: _b Proceedings of the XIth International Congress of Psychotherapy held in Amsterdam, the Netherlands, 27-31 August, 1979 _cEditor W. de Moor and H.R. Wijgaarden. |
||
| 264 |
_aAmsterdam : _bElsevier Holland Biomedical Press, _c1980. |
||
| 300 |
_a336 p.; _b24 sm. |
||
| 653 | _aფსიქოთერაპია | ||
| 653 | _aმედიცინა | ||
| 700 |
_aMoor W. _eრედაქტორი _924705 |
||
| 700 |
_aWijgaarden, H.R. _eრედაქტორი _924706 |
||
| 942 |
_2udc _cᲬᲘᲒᲜᲘ |
||